00631nam a2200169 a 450000100100000000500170001000800410002704000250006810000300009324500760012326000480019930000200024750000630026704900090033095201050033999900170044400002568120200930023952.0110221s1987 dr 000 0 spa d aDO-SdBNPbspacBNPHU1 aCastillo, Santiago95244713aLa tragedia de México profetizada :b... y otras revelaciones futura. aSanto Domingo :bImpresora Castillo,c1987. a64 p. ;c21 cm. aIncluye datos biográficos del autor en la contracubierta aBNPD 0010718PDaPDbPDcHDd2011-02-21iLF1l0o p25681-10r2020-06-25w2020-06-25yLFPDZNo se presta c25173d25173